| 000 | 00724nam a22002177a 4500 | ||
|---|---|---|---|
| 999 |
_c9287 _d9287 |
||
| 003 | AR-CdUCM | ||
| 008 | 190327b ||||| |||| 00| 0 spa d | ||
| 040 |
_aMUNICIPALIDAD PROVINCIAL DEL CUSCO _cBIBLIOTECA MUNICIPAL DEL CUSCO |
||
| 082 |
_a985.0013 / _bN94 |
||
| 100 |
_aNuñez, Estuardo _92660 |
||
| 245 | _aLa Experiencia Europea de Mariategui / | ||
| 260 |
_aLima ; _bEmpresa Editora Amauta, _c1978. |
||
| 300 |
_a118 paginas ; _c18 cm. |
||
| 500 | _aDonacion de la familia Nieto Dedicatoria a Luis Nieto | ||
| 505 | _aContenido: Italia -- Francia -- Alemania -- Perú -- Amauta... | ||
| 650 |
_aEnsayos Peruanos _9269 |
||
| 650 |
_aSiglo XX _98 |
||
| 650 |
_aLiteratura _983 |
||
| 942 |
_2ddc _cLIBROS |
||
| 945 | _apjha | ||